000 00410nam a2200181Ia 4500
001 23434
005 20260414150937.0
008 260414t2013||||xx |||||||||||||| ||spa||
041 _aESP
082 _a650.01513
_bC268 T. 1
100 _aCourt, Eduardo
_eAUT
245 0 _aTeoría del interés
_b
260 _c2013
300 _a
_c24 cm.
650 _aGEN
654 _aCCO
942 _cLIB
_dJUS
_fJUS
_2ddc
_n
999 _c23434
_d23434